000 01386cad a22002775a 4500
001 L158463
008 131031s2014 xxk f f 001 0 eng d
035 _a(Sirsi) u158463
041 0 _aeng
050 0 4 _218
110 2 _aRoyal Institution of Chartered Surveyors
_94900
245 0 0 _aUnleashing Sub-Saharan Africa property markets
_h[electronic resource]
260 _aLondon
_bRICS
_c2014
300 _34 p.
490 0 _aRICS Research
520 _aHelps to understand the potential role of surveyors in Sub-Saharan Africa and in the land and resources sector by assessing the potential future demand for services of the built environment profession, by skills, discipline and by size of market. The research found there is significant potential for building professional skills capacity through collaborative working across Sub-Saharan Africa. This research helped RICS to develop its strategy for its future presence in key African markets as well as developing the profession.
650 2 4 _aURBANISATION
651 4 _aAfrica
690 _aCommercial property
_96227
690 _aResidential property
_96266
700 1 _aViruly, Francois
_cProf
700 1 _aHopkins, Nicole
710 1 _aUniversity of Cape Town
856 4 0 _uhttps://www.rics.org/Global/Unleashing_African_Markets_020914_dwl_aj.pdf
_zView this item free of charge at www.rics.org
942 _n0
999 _c115325
_d115325